[Event "USCL Queens vs New Jersey"]
[Site "Internet Chess Club"]
[Date "2007.09.19"]
[Round "4"]
[White "Critelli, James"]
[Black "Molner, Mackenzie"]
[Result "1/2-1/2"]
[WhiteElo "2337"]
[BlackElo "2335"]
[PlyCount "68"]
[EventDate "2007.??.??"]

1. e4 d6 2. d4 Nf6 3. Nc3 g6 4. Be3 c6 5. Qd2 b5 6. Bd3 Nbd7 7. Nf3 Qc7 8. O-O
Bg7 9. Bh6 O-O 10. Ne2 c5 11. Bxg7 Kxg7 12. c3 Bb7 13. d5 Ne5 14. Nxe5 dxe5 15.
Ng3 c4 16. Bc2 e6 17. dxe6 fxe6 18. a4 a6 19. Qe3 Nd7 20. Ne2 Nc5 21. h4 Rad8
22. axb5 axb5 23. Rfd1 h6 24. f3 Rxd1+ 25. Rxd1 Ra8 26. Nc1 Ra1 27. Qd2 Qe7 28.
Qe3 Bc6 29. Kf1 Nd7 30. g3 b4 31. cxb4 Qxb4 32. Qc3 Qxc3 33. bxc3 Nc5 34. Ke2
Ba4 1/2-1/2

[Event "USCL Dallas vs Carolina"]
[Site "Internet Chess Club"]
[Date "2007.09.19"]
[Round "4"]
[White "Schroer, Jonathan"]
[Black "Bartholomew, John"]
[Result "1/2-1/2"]
[WhiteElo "2449"]
[BlackElo "2488"]
[PlyCount "38"]
[EventDate "2007.??.??"]

1. d4 d5 2. c4 c6 3. Qc2 Nf6 4. Nf3 g6 5. Bf4 Bg7 6. e3 O-O 7. Nc3 Be6 8. cxd5
cxd5 9. Qb3 Qc8 10. Ng5 Nc6 11. Nxe6 Qxe6 12. Be2 b6 13. O-O Na5 14. Qd1 a6 15.
Bf3 Nc4 16. Na4 Nd7 17. Nc3 Nf6 18. Na4 Nd7 19. Nc3 Nf6 1/2-1/2

[Event "USCL Dallas vs Carolina"]
[Site "Internet Chess Club"]
[Date "2007.09.19"]
[Round "4"]
[White "Kiewra, Keaton"]
[Black "Zaikov, Oleg"]
[Result "1-0"]
[WhiteElo "2326"]
[BlackElo "2369"]
[PlyCount "57"]
[EventDate "2007.??.??"]

1. e4 c5 2. Nf3 d6 3. d4 cxd4 4. Nxd4 Nf6 5. Nc3 a6 6. Bg5 e6 7. f4 Nbd7 8. Qf3
Qc7 9. O-O-O b5 10. Bd3 Bb7 11. Rhe1 Be7 12. Qg3 b4 13. Nd5 exd5 14. exd5 Kd8
15. Qe3 Nb6 16. Nf5 Nc8 17. Nxg7 Nxd5 18. Qd4 Rf8 19. Nf5 Bxg5 20. fxg5 Nce7
21. Qg7 Re8 22. Qxf7 Qd7 23. Re6 Nxf5 24. Rxe8+ Qxe8 25. Qxb7 Nc7 26. Bxf5 Qe5
27. Qe4 Qxe4 28. Bxe4 Ra7 29. Rxd6+ 1-0

[Event "USCL Queens vs New Jersey"]
[Site "Internet Chess Club"]
[Date "2007.09.19"]
[Round "4"]
[White "Zlotnikov, Mikhail"]
[Black "Vovsha, Eli"]
[Result "0-1"]
[WhiteElo "2408"]
[BlackElo "2495"]
[PlyCount "90"]
[EventDate "2007.??.??"]

1. Nf3 d6 2. g3 g6 3. Bg2 Bg7 4. O-O Nf6 5. c4 O-O 6. Nc3 c6 7. d3 Na6 8. Rb1
d5 9. b3 Bf5 10. Bb2 Rc8 11. cxd5 cxd5 12. Nb5 Bd7 13. Nbd4 Qc7 14. Qd2 e5 15.
Rfc1 Qb8 16. Nc2 d4 17. Na3 Nc5 18. Rc2 b6 19. Rbc1 Ng4 20. h3 Bh6 21. Qe1 Nf6
22. Rd1 Rfe8 23. Nc4 Bg7 24. e4 dxe3 25. Nxe3 Nh5 26. d4 exd4 27. Bxd4 Bxd4 28.
Nxd4 a5 29. Kh2 Qe5 30. Re2 Qb8 31. Rdd2 Nf6 32. Nc4 h5 33. Kg1 Kg7 34. Re5 b5
35. Rxe8 Rxe8 36. Ne3 Nce4 37. Rd1 h4 38. g4 b4 39. Ne2 Qa7 40. Nf4 Nc3 41. Qd2
Bc8 42. g5 Nfe4 43. Qd4+ Qxd4 44. Rxd4 Nxg5 45. Nfd5 Ne2+ 0-1

[Event "USCL Queens vs New Jersey"]
[Site "Internet Chess Club"]
[Date "2007.09.19"]
[Round "4"]
[White "Ju, Evan"]
[Black "Zhao, Parker"]
[Result "1-0"]
[WhiteElo "2303"]
[BlackElo "2227"]
[PlyCount "79"]
[EventDate "2007.??.??"]

1. e4 c5 2. Nf3 e6 3. d4 cxd4 4. Nxd4 a6 5. Bd3 Bc5 6. Nb3 Ba7 7. Qg4 Nf6 8.
Qg3 d6 9. O-O Nc6 10. Nc3 h5 11. Bg5 Ne5 12. Kh1 Bd7 13. f4 Neg4 14. e5 h4 15.
Qh3 Qb6 16. Ne2 Nf2+ 17. Rxf2 Qxf2 18. exf6 gxf6 19. Bxf6 e5 20. Bf5 Bxf5 21.
Qxf5 h3 22. Qe4 Rh6 23. fxe5 hxg2+ 24. Qxg2 Qxg2+ 25. Kxg2 dxe5 26. Rf1 Kd7 27.
Ng3 Ke6 28. Bg5 Rg6 29. Bc1 f5 30. Kf3 Rh8 31. Rh1 e4+ 32. Kg2 e3 33. Kf3 Rh3
34. Re1 Rxh2 35. Bxe3 Bxe3 36. Rxe3+ Kf6 37. Nd4 Rg4 38. Ngxf5 Kg5 39. Re5 Rh3+
40. Ng3+ 1-0

[Event "USCL Philadelphia vs Baltimore"]
[Site "Internet Chess Club"]
[Date "2007.09.19"]
[Round "4"]
[White "Bengtson, Matthew"]
[Black "Zimmer, Ralph"]
[Result "0-1"]
[WhiteElo "2231"]
[BlackElo "2243"]
[PlyCount "86"]
[EventDate "2007.??.??"]

1. d4 Nf6 2. c4 c5 3. d5 b5 4. cxb5 a6 5. bxa6 g6 6. Nc3 Bxa6 7. g3 d6 8. Bg2
Bg7 9. Nf3 Nbd7 10. Rb1 O-O 11. O-O Nb6 12. b3 Ne8 13. Bb2 Nc7 14. Nh4 Ra7 15.
Qc2 e6 16. dxe6 Nxe6 17. Rfd1 Qe7 18. e3 Rd8 19. Ne4 d5 20. Bxg7 Kxg7 21. Qb2+
f6 22. Nc3 d4 23. exd4 cxd4 24. Ne4 f5 25. Nd2 Qf6 26. a4 Nc5 27. Nhf3 Be2 28.
a5 Rxa5 29. Nc4 Bxd1 30. Nxa5 Bxf3 31. Bxf3 Nd5 32. Bxd5 Rxd5 33. Nc4 Ne4 34.
Rd1 Nc3 35. Rd3 Rd8 36. Qd2 Re8 37. Kg2 Qc6+ 38. Kh3 Ne2 39. Qd1 g5 40. Rxd4
g4+ 41. Rxg4+ fxg4+ 42. Kxg4 Qe6+ 43. Kf3 Qe4# 0-1

[Event "USCL Philadelphia vs Baltimore"]
[Site "Internet Chess Club"]
[Date "2007.09.19"]
[Round "4"]
[White "Battsetseg, Tsagaan"]
[Black "Wilson, Elvin"]
[Result "0-1"]
[WhiteElo "2234"]
[BlackElo "2240"]
[PlyCount "74"]
[EventDate "2007.??.??"]

1. e4 e6 2. d4 d5 3. Nc3 Nf6 4. e5 Nfd7 5. f4 c5 6. Nf3 Nc6 7. Be3 a6 8. Qd2 b5
9. a3 Qa5 10. Ra2 Qb6 11. Ne2 b4 12. axb4 Nxb4 13. Ra4 a5 14. Nc3 cxd4 15. Bxd4
Bc5 16. Nb5 O-O 17. c3 Bxd4 18. cxd4 Qc6 19. Nc3 Nb6 20. Bb5 Qb7 21. Ra3 Bd7
22. Be2 Nc4 23. Bxc4 dxc4 24. O-O Bc6 25. f5 Bxf3 26. Rxf3 exf5 27. Rg3 Qb6 28.
Na4 Qc6 29. Qg5 g6 30. Qh6 Qd7 31. Rh3 f6 32. e6 Qxd4+ 33. Rae3 Ra7 34. Nc3 f4
35. Qh4 Nc2 36. Nb5 Qd1+ 37. Re1 Nxe1 0-1

[Event "USCL Tennessee vs Miami"]
[Site "Internet Chess Club"]
[Date "2007.09.19"]
[Round "4"]
[White "Wheeler, Jerry"]
[Black "Espino, Miguel"]
[Result "0-1"]
[WhiteElo "2200"]
[BlackElo "2307"]
[PlyCount "58"]
[EventDate "2007.??.??"]

1. d4 g6 2. e4 Bg7 3. Nc3 d6 4. Bc4 Nc6 5. Be3 e5 6. Nge2 Nf6 7. f3 O-O 8. Qd2
Na5 9. Bd3 exd4 10. Nxd4 c5 11. Nb3 c4 12. Nxa5 cxd3 13. Nb3 d5 14. cxd3 a5 15.
O-O dxe4 16. dxe4 Qxd2 17. Nxd2 Be6 18. Rfd1 a4 19. Rac1 Nd7 20. f4 Rfc8 21. e5
f6 22. exf6 Nxf6 23. Nf3 Bg4 24. Kf2 a3 25. Nd5 Nxd5 26. Rxc8+ Rxc8 27. Rxd5
Bxf3 28. Kxf3 axb2 29. Rb5 Rc1 0-1

[Event "USCL Philadelphia vs Baltimore"]
[Site "Internet Chess Club"]
[Date "2007.09.19"]
[Round "4"]
[White "Enkhbat, Tegshsuren"]
[Black "Costigan, Richard"]
[Result "1-0"]
[WhiteElo "2397"]
[BlackElo "2287"]
[PlyCount "103"]
[EventDate "2007.??.??"]

1. d4 c5 2. d5 e5 3. Nc3 d6 4. e4 Ne7 5. f4 exf4 6. Bxf4 Ng6 7. Bg3 Be7 8. Nf3
O-O 9. Be2 f5 10. exf5 Bxf5 11. O-O Nd7 12. a4 Qc7 13. Qd2 h6 14. Bd3 Rae8 15.
Nb5 Qb8 16. Bxf5 Rxf5 17. Rae1 Rd8 18. c4 a6 19. Qc2 Rf6 20. Nc3 Rdf8 21. Re6
Nde5 22. Bxe5 dxe5 23. Rxf6 Rxf6 24. Ne4 Rf4 25. g3 Rf8 26. Qd3 Bd6 27. Nfd2
Rxf1+ 28. Qxf1 Ne7 29. Qf3 Qd8 30. Qg4 Qc8 31. Qxc8+ Nxc8 32. a5 Bc7 33. Nb3 b5
34. axb6 Bxb6 35. Kf1 a5 36. Nbxc5 Bxc5 37. Nxc5 Nb6 38. b3 Kf7 39. Ke2 Ke7 40.
Ke3 Kd6 41. Nb7+ Kc7 42. Nxa5 Nd7 43. b4 Nf6 44. h3 g5 45. g4 h5 46. gxh5 Nxh5
47. Ke4 Nf4 48. c5 Nxh3 49. d6+ Kc8 50. c6 Nf2+ 51. Kd5 Nd3 52. b5 1-0

[Event "USCL Philadelphia vs Baltimore"]
[Site "Internet Chess Club"]
[Date "2007.09.19"]
[Round "4"]
[White "Smith, Bryan"]
[Black "Erenburg, Sergey"]
[Result "0-1"]
[WhiteElo "2442"]
[BlackElo "2605"]
[PlyCount "94"]
[EventDate "2007.??.??"]

1. e4 e5 2. Nf3 Nc6 3. Bb5 Nf6 4. O-O Nxe4 5. d4 Nd6 6. dxe5 Nxb5 7. a4 d6 8.
e6 fxe6 9. axb5 Ne7 10. Ng5 h6 11. Ne4 g6 12. b6 Nc6 13. bxc7 Qxc7 14. Bf4 e5
15. Nbc3 Be6 16. Nb5 Qd8 17. Re1 d5 18. Bxe5 Nxe5 19. Qd4 Bg7 20. Ned6+ Kd7 21.
Rxe5 Qb6 22. Qd3 Bxe5 23. Nc4 Bxh2+ 24. Kxh2 Qxf2 25. Ne5+ Kd8 26. Rf1 Qh4+ 27.
Kg1 Re8 28. Nd6 Kc7 29. Nxe8+ Rxe8 30. Nxg6 Qe4 31. Qg3+ Kc8 32. Re1 Qd4+ 33.
Kh1 Qf6 34. Nf4 Rg8 35. Qe3 Bf7 36. Ra1 a6 37. Qc5+ Kb8 38. Nxd5 Qe5 39. c4 Rc8
40. Qb4 Bxd5 41. cxd5 Qxd5 42. Qf4+ Ka8 43. b4 Rc4 44. Qf8+ Ka7 45. Qxh6 Rxb4
46. Ra3 Rb1+ 47. Kh2 Qe5+ 0-1

[Event "USCL Tennessee vs Miami"]
[Site "Internet Chess Club"]
[Date "2007.09.19"]
[Round "4"]
[White "Moreno Roman, Alejandro"]
[Black "Andrews, Todd"]
[Result "0-1"]
[WhiteElo "2387"]
[BlackElo "2337"]
[PlyCount "112"]
[EventDate "2007.??.??"]

1. e4 e6 2. d4 d5 3. Nc3 Bb4 4. e5 c5 5. a3 Bxc3+ 6. bxc3 Qc7 7. Qg4 f5 8. Qg3
Ne7 9. Bd2 Nbc6 10. Nf3 Bd7 11. dxc5 Ng6 12. h4 Ncxe5 13. h5 Nxf3+ 14. gxf3
Qe5+ 15. Kd1 Qxg3 16. fxg3 Ne5 17. Bf4 Nf7 18. Rb1 e5 19. Rxb7 exf4 20. Bd3 Be6
21. Bb5+ Kf8 22. gxf4 a6 23. Bd3 d4 24. c4 Rc8 25. Re1 Nd8 26. Ra7 Rxc5 27.
Rxe6 Nxe6 28. Ra8+ Kf7 29. Rxh8 Nf8 30. Kd2 g6 31. h6 Ra5 32. c3 dxc3+ 33. Kxc3
Rxa3+ 34. Kd4 Ne6+ 35. Ke5 Rxd3 36. Rxh7+ Kg8 37. Ra7 Nf8 38. Rg7+ Kh8 39. Rf7
Nd7+ 40. Ke6 Nc5+ 41. Kf6 Rd6+ 42. Ke5 Rd7 43. Rxd7 Nxd7+ 44. Kd6 Nb6 45. c5
Na4 46. c6 Nc3 47. Kc5 Nb5 48. Kb6 Kh7 49. Kxa6 Nd6 50. Kb6 Kxh6 51. Kc7 Nc4
52. Kd7 Kh5 53. c7 Nb6+ 54. Ke6 Kh4 55. Kf6 Kg3 56. Kxg6 Kxf4 0-1

[Event "USCL Seattle vs San Francisco"]
[Site "Internet Chess Club"]
[Date "2007.09.19"]
[Round "4"]
[White "Pruess, David"]
[Black "Orlov, Georgi"]
[Result "0-1"]
[WhiteElo "2448"]
[BlackElo "2574"]
[PlyCount "72"]
[EventDate "2007.??.??"]

1. e4 e5 2. Nf3 Nc6 3. Bb5 a6 4. Ba4 Nf6 5. O-O Be7 6. Re1 b5 7. Bb3 O-O 8. h3
Bb7 9. d3 d6 10. c3 Nb8 11. Nbd2 Nbd7 12. Nf1 Re8 13. Ng5 d5 14. exd5 Bxd5 15.
Bxd5 Nxd5 16. Qh5 Bxg5 17. Bxg5 f6 18. Be3 Nf8 19. Rad1 Ng6 20. d4 c6 21. Qg4
Qc7 22. Ng3 exd4 23. Bxd4 c5 24. Rxe8+ Rxe8 25. Bxc5 Qxc5 26. Qd7 Re5 27. b4
Nf8 28. Qb7 Qe7 29. Qxa6 Nxc3 30. Rf1 Qxb4 31. Qc8 Qc4 32. Qd8 Qxa2 33. f4 Ne2+
34. Kh2 Nxg3 35. Kxg3 Qd5 36. Qc8 Re2 0-1

[Event "USCL Tennessee vs Miami"]
[Site "Internet Chess Club"]
[Date "2007.09.19"]
[Round "4"]
[White "Rodriguez, Eric"]
[Black "Wu, James"]
[Result "1/2-1/2"]
[WhiteElo "2192"]
[BlackElo "2066"]
[PlyCount "91"]
[EventDate "2007.??.??"]

1. d4 Nf6 2. c4 c5 3. Nf3 cxd4 4. Nxd4 e5 5. Nb5 d5 6. cxd5 Bc5 7. N5c3 O-O 8.
e3 Qe7 9. Be2 e4 10. Nd2 Rd8 11. a3 a5 12. Qc2 Bf5 13. g4 Nxg4 14. Bxg4 Bxg4
15. Qxe4 Qxe4 16. Ncxe4 Rxd5 17. Rg1 f5 18. h3 fxe4 19. Rxg4 Nd7 20. Nxe4 Be7
21. Ke2 Nf6 22. Nc3 Rh5 23. Rg3 b5 24. Bd2 Rd8 25. Rag1 g6 26. Rf3 b4 27. axb4
axb4 28. Na2 Ne4 29. Be1 Ra5 30. Nxb4 Rb5 31. Nc6 Rxb2+ 32. Kf1 Rd7 33. Rf4
Nd2+ 34. Bxd2 Rbxd2 35. Kg2 Bc5 36. Re1 R7d6 37. Ne5 Re6 38. Nf3 Rb2 39. Nd4
Re5 40. Kf3 Rd2 41. Nb3 Rb2 42. Nxc5 Rxc5 43. e4 Rc3+ 44. Kg2 Rb6 45. e5 Re6
46. Rf6 1/2-1/2

[Event "USCL Dallas vs Carolina"]
[Site "Internet Chess Club"]
[Date "2007.09.19"]
[Round "4"]
[White "Jones, Craig"]
[Black "Guadalupe II, Francisco"]
[Result "1/2-1/2"]
[WhiteElo "2323"]
[BlackElo "2218"]
[PlyCount "162"]
[EventDate "2007.??.??"]

1. d4 d5 2. c4 e6 3. Nc3 Nf6 4. cxd5 exd5 5. Bg5 Be7 6. Qc2 O-O 7. e3 Nbd7 8.
Bd3 c6 9. Nf3 h6 10. Bf4 b6 11. O-O Bb7 12. h3 Re8 13. Bh2 a6 14. Rad1 Nf8 15.
Ne5 c5 16. f4 b5 17. a3 Qb6 18. Qf2 Rac8 19. g4 cxd4 20. exd4 Ne4 21. Nxe4 dxe4
22. Bb1 f6 23. Ba2+ Kh7 24. Nf7 b4 25. Qe3 Rc2 26. Qb3 Ne6 27. Qxe6 Qxe6 28.
Bxe6 Rxb2 29. axb4 e3 30. Rb1 Rg2+ 31. Kh1 Rd2+ 32. d5 Rxd5 33. Bxd5 Bxd5+ 34.
Kg1 a5 35. bxa5 e2 36. Rfc1 Bxf7 37. Bg3 Ba3 38. Rc7 Bd5 39. f5 Re3 40. Be1
Rxh3 41. a6 Bd6 42. Rc3 Rh1+ 43. Kf2 Rh2+ 44. Ke3 Be5 45. Rc8 Rh3+ 46. Kxe2
Bf3+ 47. Kd2 Bf4+ 48. Kc2 Be4+ 49. Kb2 Be5+ 50. Bc3 Rh2+ 51. Ka1 Bxb1 52. Kxb1
Bxc3 53. Rxc3 Rd2 54. a7 Rd8 55. Rb3 Ra8 56. Rb7 h5 57. gxh5 Kh6 58. Kc2 Kxh5
59. Kd3 Kg5 60. Ke4 Re8+ 61. Kd5 Re5+ 62. Kc6 Ra5 63. Kb6 Ra1 64. Rxg7+ Kxf5
65. Kb7 Ke4 66. Re7+ Kd4 67. Rf7 Rb1+ 68. Kc7 Rc1+ 69. Kb8 Rb1+ 70. Rb7 Ra1 71.
Rb5 Ke4 72. Rb4+ Ke3 73. Rb6 f5 74. Kb7 Rxa7+ 75. Kxa7 f4 76. Re6+ Kd3 77. Kb6
f3 78. Kc5 f2 79. Rf6 Ke2 80. Kd4 f1=Q 81. Rxf1 Kxf1 1/2-1/2

[Event "USCL Dallas vs Carolina"]
[Site "Internet Chess Club"]
[Date "2007.09.19"]
[Round "4"]
[White "Boskovic, Drasko"]
[Black "Milman, Lev"]
[Result "0-1"]
[WhiteElo "2520"]
[BlackElo "2531"]
[PlyCount "108"]
[EventDate "2007.??.??"]

1. e4 c5 2. Nf3 d6 3. Bc4 Nf6 4. e5 dxe5 5. Nxe5 e6 6. Bb5+ Nbd7 7. Qf3 Qc7 8.
Nxd7 Nxd7 9. O-O Bd6 10. h3 O-O 11. Nc3 Ne5 12. Qh5 c4 13. f4 Ng6 14. d3 Bxf4
15. Bxf4 Nxf4 16. Qh4 Nd5 17. Bxc4 Ne3 18. Rf2 Nxc4 19. dxc4 Bd7 20. Raf1 Bc6
21. b4 b6 22. Ne2 Bb7 23. Ng3 Rac8 24. Nh5 f5 25. Qg5 Qf7 26. c5 Ba6 27. Re1 h6
28. Qh4 g5 29. Qg3 Qxh5 30. Rxe6 Bc4 31. Re5 Qg6 32. Qc3 Bxa2 33. Qa3 Bc4 34.
Qxa7 b5 35. Rd2 Qf6 36. Rd6 Qg7 37. Re7 Rf7 38. Rdd7 Rxe7 39. Rxe7 Qd4+ 40. Kh1
Rf8 41. Rd7 Qe5 42. Qb6 Qa1+ 43. Kh2 Qe5+ 44. Kh1 Qa1+ 45. Kh2 Qf6 46. Rd6 Qe5+
47. Kh1 Qe1+ 48. Kh2 Qe5+ 49. Kh1 Ra8 50. Rd8+ Rxd8 51. Qxd8+ Kf7 52. Qd7+ Kg6
53. c6 Qe6 54. Kh2 Bd5 0-1

[Event "USCL Seattle vs San Francisco"]
[Site "Internet Chess Club"]
[Date "2007.09.19"]
[Round "4"]
[White "Naroditsky, Daniel"]
[Black "Sinanan, Joshua"]
[Result "0-1"]
[WhiteElo "2170"]
[BlackElo "2191"]
[PlyCount "96"]
[EventDate "2007.??.??"]

1. e4 c5 2. Nc3 e6 3. g3 Nc6 4. Bg2 g6 5. d3 Bg7 6. Be3 d6 7. Nge2 Nd4 8. O-O
Ne7 9. Qd2 O-O 10. Nd1 Nxe2+ 11. Qxe2 Nc6 12. Qd2 f5 13. f4 Qe7 14. Re1 Bd7 15.
Bf2 b6 16. Rb1 Rad8 17. c3 Qf7 18. Ne3 Kh8 19. Nc2 e5 20. exf5 exf4 21. gxf4
Qxf5 22. Bg3 Qf7 23. Ne3 Ne7 24. Rf1 Nf5 25. Nxf5 Bxf5 26. a3 d5 27. Rbe1 Rde8
28. Re5 Bxe5 29. fxe5 Qe6 30. Qh6 Kg8 31. d4 cxd4 32. cxd4 Be4 33. Rxf8+ Rxf8
34. Bh3 Bf5 35. Bg2 Rc8 36. h4 Be4 37. Bxe4 dxe4 38. Qe3 Qg4 39. Qf4 Qd1+ 40.
Kg2 Qxd4 41. e6 Qxb2+ 42. Kh3 Qg7 43. Qxe4 Re8 44. e7 Qxe7 45. Qd5+ Qe6+ 46.
Qxe6+ Rxe6 47. Kg4 Re3 48. Bd6 Rd3 0-1

[Event "USCL Seattle vs San Francisco"]
[Site "Internet Chess Club"]
[Date "2007.09.19"]
[Round "4"]
[White "Readey, John"]
[Black "Donaldson, John"]
[Result "0-1"]
[WhiteElo "2312"]
[BlackElo "2458"]
[PlyCount "130"]
[EventDate "2007.??.??"]

1. Nf3 c5 2. c4 Nc6 3. g3 g6 4. Bg2 Bg7 5. Nc3 e5 6. a3 a5 7. O-O d6 8. d3 Nge7
9. Ne1 Be6 10. Nc2 d5 11. cxd5 Nxd5 12. Ne3 Nde7 13. Ne4 b6 14. Ng5 Bd7 15. Bd2
O-O 16. Rb1 a4 17. Nc4 h6 18. Ne4 Be6 19. Nc3 Rb8 20. Qxa4 Nd4 21. Qd1 b5 22.
Ne3 Bb3 23. Qe1 f5 24. f4 exf4 25. gxf4 b4 26. axb4 cxb4 27. Ncd1 Qb6 28. Kh1
Rfc8 29. Rc1 Rxc1 30. Bxc1 Qc5 31. Bd2 Bf7 32. Nc4 Bxc4 33. dxc4 Qxc4 34. e4
fxe4 35. Qxe4 Qf7 36. Ne3 Kh7 37. Ng4 Nef5 38. Ne5 Qb3 39. Bc1 Re8 40. Re1 Re7
41. Qd5 Qc2 42. Be4 Qf2 43. Rd1 Bxe5 44. fxe5 Qh4 45. Bxf5 Nxf5 46. Bd2 Ng3+
47. Kg2 Ne4 48. Be1 Qg4+ 49. Bg3 Qe2+ 50. Kg1 Nxg3 51. hxg3 Qxb2 52. e6 Qe2 53.
Rf1 Qxe6 54. Qxe6 Rxe6 55. Rf7+ Kg8 56. Rb7 Re4 57. Kf2 h5 58. Kf3 Rg4 59. Kf2
Kf8 60. Kf3 Ke8 61. Kf2 Kd8 62. Kf3 Kc8 63. Rb5 Kc7 64. Kf2 Kc6 65. Rb8 Kc5 0-1

[Event "USCL Boston vs San Francisco"]
[Site "Internet Chess Club"]
[Date "2007.10.03"]
[Round "6"]
[White "Young, Gregory"]
[Black "Williams, Chris"]
[Result "0-1"]
[WhiteElo "2127"]
[BlackElo "2241"]
[PlyCount "44"]
[EventDate "2007.??.??"]

1. e4 c5 2. Nf3 e6 3. d4 cxd4 4. Nxd4 a6 5. Bd3 Nf6 6. Qe2 d6 7. c4 Nbd7 8. Nc3
Be7 9. O-O Qc7 10. f4 b6 11. Kh1 Bb7 12. b3 h5 13. Bb2 h4 14. Rae1 Nh5 15. Nd5
Qd8 16. e5 dxe5 17. Nxe6 Ng3+ 18. hxg3 hxg3+ 19. Kg1 Bc5+ 20. Nxc5 Rh1+ 21.
Kxh1 Qh4+ 22. Kg1 Qh2# 0-1

[Event "USCL Dallas vs Philadelphia"]
[Site "Internet Chess Club"]
[Date "2007.10.03"]
[Round "6"]
[White "Smith, Bryan"]
[Black "Kuljasevic, Davorin"]
[Result "0-1"]
[WhiteElo "2442"]
[BlackElo "2491"]
[PlyCount "48"]
[EventDate "2007.??.??"]

1. e4 c5 2. Nf3 Nc6 3. d4 cxd4 4. Nxd4 Nf6 5. Nc3 e5 6. Ndb5 d6 7. Bg5 a6 8.
Na3 b5 9. Bxf6 gxf6 10. Nd5 f5 11. c3 Bg7 12. Bd3 Be6 13. Nxb5 axb5 14. Bxb5
Bd7 15. exf5 O-O 16. O-O e4 17. Qh5 Re8 18. f4 Rb8 19. a4 Ne7 20. Nxe7+ Qxe7
21. Qe2 Bxb5 22. axb5 d5 23. Ra5 d4 24. cxd4 Qb4 0-1

[Event "USCL Baltimore vs Tennessee"]
[Site "Internet Chess Club"]
[Date "2007.10.03"]
[Round "6"]
[White "Rohonyan, Katerina"]
[Black "Wheeler, Jerry"]
[Result "1/2-1/2"]
[WhiteElo "2291"]
[BlackElo "2200"]
[PlyCount "65"]
[EventDate "2007.??.??"]

1. e4 c5 2. Nf3 g6 3. d4 cxd4 4. Qxd4 Nf6 5. e5 Nc6 6. Qa4 Nd5 7. Qe4 Nb6 8.
Bf4 Bg7 9. Nc3 O-O 10. O-O-O d5 11. exd6 Bf5 12. dxe7 Qxe7 13. Qxe7 Nxe7 14.
Bd6 Rfe8 15. Bb5 Nc6 16. Rhe1 Rxe1 17. Rxe1 a6 18. Bxc6 bxc6 19. Be5 Bh6+ 20.
Kb1 Nc4 21. Bd4 Rb8 22. b3 Na3+ 23. Kb2 Nc4+ 24. Ka1 Na3 25. Re7 Nxc2+ 26. Kb2
Bf8 27. Be5 Bxe7 28. Bxb8 Ba3+ 29. Kb1 Nb4+ 30. Ka1 Nc2+ 31. Kb1 Nd4+ 32. Ka1
Nc2+ 33. Kb1 1/2-1/2

[Event "USCL New Jersey vs Carolina"]
[Site "Internet Chess Club"]
[Date "2007.10.03"]
[Round "6"]
[White "Jones, Craig"]
[Black "Lian, Jayson"]
[Result "0-1"]
[WhiteElo "2323"]
[BlackElo "2109"]
[PlyCount "80"]
[EventDate "2007.??.??"]

1. Nf3 c5 2. e3 g6 3. c4 Bg7 4. Nc3 Nf6 5. a3 O-O 6. Be2 d5 7. cxd5 Nxd5 8. Qb3
Nb6 9. d3 Bf5 10. e4 Be6 11. Qb5 Qd6 12. Be3 Bd4 13. e5 Qd8 14. Ne4 a6 15. Qa5
Nc6 16. Qd2 Nd7 17. Nxd4 Nxd4 18. Bxd4 cxd4 19. f4 Nb6 20. O-O Nd5 21. g4 Ne3
22. f5 gxf5 23. gxf5 Bxf5 24. Rxf5 Nxf5 25. Qg5+ Ng7 26. Rf1 Kh8 27. Qh6 Ne6
28. Kh1 Qd5 29. Rf5 Ng7 30. Rf3 Qe6 31. Nf6 exf6 32. exf6 Nf5 33. Rxf5 Rg8 34.
Qh5 Rac8 35. Rf1 Rg6 36. Qf3 Qc6 37. h4 Rxf6 38. Qxc6 Rcxc6 39. Rg1 Rc2 40. Bg4
Rff2 0-1

[Event "USCL New Jersey vs Carolina"]
[Site "Internet Chess Club"]
[Date "2007.10.03"]
[Round "6"]
[White "Friedman, Aviv"]
[Black "Zaikov, Oleg"]
[Result "1/2-1/2"]
[WhiteElo "2407"]
[BlackElo "2369"]
[PlyCount "84"]
[EventDate "2007.??.??"]

1. e4 c5 2. Nf3 d6 3. d4 cxd4 4. Nxd4 Nf6 5. Nc3 a6 6. f4 e6 7. Qf3 Nbd7 8. g4
h6 9. h4 h5 10. g5 Ng4 11. Bh3 b5 12. Bxg4 hxg4 13. Qxg4 b4 14. Nce2 e5 15. Nb3
Qc7 16. f5 Qxc2 17. Bd2 Bb7 18. Ng3 Nc5 19. Nxc5 dxc5 20. Be3 Qxb2 21. O-O Rd8
22. Rad1 Qxa2 23. f6 Rxd1 24. Rxd1 Qe6 25. Nf5 g6 26. Ng7+ Bxg7 27. Qxe6+ fxe6
28. fxg7 Rg8 29. Bxc5 Rxg7 30. Bxb4 Bxe4 31. Bc3 Rc7 32. Bxe5 Rc5 33. Bf6 Bd5
34. Ra1 a5 35. Kf2 Bb3 36. h5 gxh5 37. Rh1 a4 38. Rxh5 a3 39. Rh7 Rf5+ 40. Ke3
a2 41. Ra7 Bd5 42. Kd4 Rf1 1/2-1/2

[Event "USCL New Jersey vs Carolina"]
[Site "Internet Chess Club"]
[Date "2007.10.03"]
[Round "6"]
[White "Schroer, Jonathan"]
[Black "Ippolito, Dean"]
[Result "1/2-1/2"]
[WhiteElo "2449"]
[BlackElo "2433"]
[PlyCount "93"]
[EventDate "2007.??.??"]

1. d4 Nf6 2. Nf3 d5 3. c4 e6 4. Bg5 Bb4+ 5. Nbd2 dxc4 6. e4 Bxd2+ 7. Nxd2 Qxd4
8. Bxc4 Nxe4 9. Be3 Qe5 10. O-O Nd6 11. Nf3 Qh5 12. Be2 O-O 13. Rc1 Qd5 14. Qc2
Nc6 15. Rfd1 Qf5 16. Bd3 Qh5 17. Be2 Qg6 18. Bd3 f5 19. Bf4 Bd7 20. b4 a6 21.
a4 Rac8 22. b5 axb5 23. Bxb5 Qe8 24. Qb2 Qe7 25. Bg5 Qe8 26. Bf4 Nf7 27. Qd2 e5
28. Qxd7 exf4 29. Bxc6 bxc6 30. Rxc6 Rd8 31. Qxe8 Rxd1+ 32. Qe1 Rxe1+ 33. Nxe1
Re8 34. Kf1 Nd6 35. Rxc7 Ra8 36. Rc6 Ne4 37. f3 Nd2+ 38. Ke2 Nb1 39. Rc1 Na3
40. Ra1 Nc4 41. Nd3 g5 42. g3 Re8+ 43. Kf2 Rd8 44. Ke2 Re8+ 45. Kf2 Rd8 46. Ke2
Re8+ 47. Kf2 1/2-1/2

[Event "USCL Dallas vs Philadelphia"]
[Site "Internet Chess Club"]
[Date "2007.10.03"]
[Round "6"]
[White "Stopa, Jacek"]
[Black "Costigan, Richard"]
[Result "1-0"]
[WhiteElo "2433"]
[BlackElo "2287"]
[PlyCount "117"]
[EventDate "2007.??.??"]

1. Nc3 d5 2. e4 dxe4 3. Nxe4 Nd7 4. d4 Ngf6 5. Nxf6+ Nxf6 6. Nf3 g6 7. Bf4 c5
8. dxc5 Qa5+ 9. Qd2 Qxc5 10. O-O-O Be6 11. Be3 Qc8 12. Bb5+ Bd7 13. Bxd7+ Qxd7
14. Qb4 Qc8 15. Qb5+ Qc6 16. Nd4 a6 17. Qxc6+ bxc6 18. Nxc6 e6 19. Rd3 Rc8 20.
Na7 Rc7 21. Bb6 Rd7 22. Rhd1 Nd5 23. Bd4 f6 24. Kb1 Rc7 25. Rb3 Kf7 26. c4 Rxc4
27. Rb7+ Be7 28. b3 Rc7 29. Rxc7 Nxc7 30. Nc6 Nd5 31. Nxe7 Kxe7 32. Bc5+ Kd7
33. Kb2 Rc8 34. b4 Kc6 35. Kb3 Rc7 36. a3 Rd7 37. Rc1 Kb7 38. Rd1 Kc6 39. g3 g5
40. Rd3 g4 41. Kc4 h5 42. a4 Rb7 43. Rd1 Rb8 44. Re1 Kd7 45. Rh1 h4 46. h3 hxg3
47. fxg3 Rh8 48. h4 f5 49. Ra1 f4 50. b5 Rc8 51. bxa6 Ne3+ 52. Kb5 Rb8+ 53. Bb6
Nd5 54. a7 Rxb6+ 55. Ka5 Rc6 56. a8=Q Rc5+ 57. Ka6 Nc7+ 58. Kb6 Rc4 59. Rd1+
1-0

[Event "USCL Boston vs San Francisco"]
[Site "Internet Chess Club"]
[Date "2007.10.03"]
[Round "6"]
[White "Shmelov, Denys"]
[Black "Donaldson, John"]
[Result "1/2-1/2"]
[WhiteElo "2391"]
[BlackElo "2458"]
[PlyCount "94"]
[EventDate "2007.??.??"]

1. d4 d5 2. c4 c6 3. Nc3 Nf6 4. Nf3 dxc4 5. a4 Bf5 6. e3 e6 7. Bxc4 Bb4 8. O-O
O-O 9. Qe2 Nbd7 10. e4 Bg6 11. Bd3 Bh5 12. Bf4 Qe7 13. e5 Nd5 14. Nxd5 cxd5 15.
Rfc1 Rfc8 16. Qe3 a6 17. Ng5 Bg6 18. Bxg6 fxg6 19. Qh3 Nf8 20. Qb3 h6 21. Nf3
Nd7 22. a5 Rxc1+ 23. Rxc1 Rf8 24. Bd2 Bxd2 25. Nxd2 Nb8 26. Qc3 Nc6 27. Nb3 Kh7
28. Rc2 Qh4 29. Qe3 Qg4 30. Rd2 Rc8 31. h3 Qf5 32. Qc3 Qb1+ 33. Kh2 Qe1 34. Rc2
Qe4 35. Rd2 Qf4+ 36. g3 Qf7 37. Nc5 Na7 38. Qd3 Nc6 39. Qc3 Na7 40. Qd3 Nb5 41.
Kg2 Qe7 42. Rc2 Qf7 43. Rd2 Rc7 44. Rc2 Na7 45. b4 Nc6 46. Rb2 Na7 47. Rc2 Nc6
1/2-1/2